000 00381nam a2200157Ia 4500
003 0STCL
008 150530s9999 xx 000 0 und d
040 _aSTCL
_cSTCL
100 _aPendharkar,V.G.
245 _aReserve Bank of India Bullettin vol-22
260 _bReserve Bank of India
_c1968
546 _aEnglish
942 _2ddc
_cBK
999 _c5736
_d5736
005 20220125165418.0